<?xml version="1.0" encoding="UTF-8"?>
<record
    xmlns:xsi="http://www.w3.org/2001/XMLSchema-instance"
    xsi:schemaLocation="http://www.loc.gov/MARC21/slim http://www.loc.gov/standards/marcxml/schema/MARC21slim.xsd"
    xmlns="http://www.loc.gov/MARC21/slim">

  <leader>00961    a2200157   4500</leader>
  <controlfield tag="003">NUST</controlfield>
  <controlfield tag="005">20221119152721.0</controlfield>
  <controlfield tag="008">221119b           ||||| |||| 00| 0 eng d</controlfield>
  <datafield tag="082" ind1=" " ind2=" ">
    <subfield code="a">515,TAN</subfield>
  </datafield>
  <datafield tag="100" ind1=" " ind2=" ">
    <subfield code="a">Tan, Soo T. </subfield>
    <subfield code="9">103147</subfield>
  </datafield>
  <datafield tag="245" ind1=" " ind2=" ">
    <subfield code="a">Calculus Early Transcendentals / </subfield>
    <subfield code="c">Soo T. Tan</subfield>
  </datafield>
  <datafield tag="260" ind1=" " ind2=" ">
    <subfield code="a">USA</subfield>
    <subfield code="b">Brooks/Cole, Cengage Learning</subfield>
    <subfield code="c">2011</subfield>
  </datafield>
  <datafield tag="300" ind1=" " ind2=" ">
    <subfield code="a">xx, 1320p.</subfield>
  </datafield>
  <datafield tag="505" ind1=" " ind2=" ">
    <subfield code="a">Preliminaries (Page-1), Limits (Page-99), The Derivative (Page-163), Applications of th ederivative (Page-281), Integration (Page-403), Applications of the dfinite Integral (Page-497), Techniques of intergration (Page-593), Differential Equations (Page-663), Infinite Sequences and Series (Page-725), Conic Section, Plane Curves, andpolar Coordinates (Page-823), Vectors and the geometry of space (Page-897), Vector-valued functions (Page-979), Funciton of several Variables (Page-1029), Multiple integrals (Page-1143), Vector Analysis (Page-1219).</subfield>
  </datafield>
  <datafield tag="942" ind1=" " ind2=" ">
    <subfield code="2">ddc</subfield>
    <subfield code="c">BK</subfield>
    <subfield code="k">515,TAN</subfield>
  </datafield>
  <datafield tag="999" ind1=" " ind2=" ">
    <subfield code="c">592413</subfield>
    <subfield code="d">592413</subfield>
  </datafield>
  <datafield tag="952" ind1=" " ind2=" ">
    <subfield code="0">0</subfield>
    <subfield code="1">0</subfield>
    <subfield code="2">ddc</subfield>
    <subfield code="4">0</subfield>
    <subfield code="7">0</subfield>
    <subfield code="a">MCS</subfield>
    <subfield code="b">MCS</subfield>
    <subfield code="c">GEN</subfield>
    <subfield code="d">2022-11-19</subfield>
    <subfield code="l">0</subfield>
    <subfield code="o">515,TAN</subfield>
    <subfield code="p">MCS37691</subfield>
    <subfield code="r">2022-11-19</subfield>
    <subfield code="w">2022-11-19</subfield>
    <subfield code="y">BK</subfield>
    <subfield code="z">Almirah No.13, Shelf No.2</subfield>
  </datafield>
</record>
